| 000 | 01046nam a2200229Ia 4500 | ||
|---|---|---|---|
| 003 | Ost | ||
| 005 | 20260507075115.0 | ||
| 008 | 260507s9999||||xx |||||||||||||| ||und|| | ||
| 040 | _cfsecg | ||
| 041 | _aara | ||
| 082 | _a692.5 | ||
| 100 |
_aطمان، ضياء _eمؤلف |
||
| 245 | 0 |
_aهندسة التكاليف بين التنفيذ والمتابعة : _bنماذج تطبيقية لأعمال المقاولات والمشروعات الصناعية والزراعية / _c ضياء طمان |
|
| 260 |
_aالقاهرة: _bمكتبة مدبولي, _c1999 |
||
| 300 |
_a109 صفحة؛ _bإيضاحات ؛ _c24 سم |
||
| 504 | _aموجه للمقاولين، لأصحاب المشروعات الإنتاجية، للمهندسين | ||
| 520 | _aأمثلة لنماذج تطبيقية لأعمال المقاولات والمشروعات الصناعية والزراعية | ||
| 653 | _aإدارة المشروعات | ||
| 653 | _aالمشاريع الإنتاجية | ||
| 653 | _aمحاسبة التكاليف | ||
| 942 | _cكتاب | ||
| 999 |
_c42996 _d42996 |
||